Modern systems analysis and design / (Record no. 17860)
[ view plain ]
| 000 -LEADER | |
|---|---|
| fixed length control field | 01009pam a2200313 a 4500 |
| 001 - CONTROL NUMBER | |
| control field | 015483228 |
| 003 - CONTROL NUMBER IDENTIFIER | |
| control field | OSt |
| 005 - DATE AND TIME OF LATEST TRANSACTION | |
| control field | 20201128021006.0 |
| 008 - FIXED-LENGTH DATA ELEMENTS--GENERAL INFORMATION | |
| fixed length control field | 100126t2011 xxua frbd 001 0 eng d |
| 020 ## - INTERNATIONAL STANDARD BOOK NUMBER | |
| International Standard Book Number | 9780135094891 |
| 020 ## - INTERNATIONAL STANDARD BOOK NUMBER | |
| International Standard Book Number | 0135094895 |
| 040 ## - CATALOGING SOURCE | |
| Original cataloging agency | StDuBDS |
| Language of cataloging | eng |
| Transcribing agency | StDuBDS |
| Modifying agency | UkOxU |
| -- | Uk |
| 082 04 - DEWEY DECIMAL CLASSIFICATION NUMBER | |
| Classification number | 658.4038 |
| Edition number | 22 |
| Item number | HOF |
| 100 1# - MAIN ENTRY--PERSONAL NAME | |
| Personal name | Hoffer, Jeffrey A. |
| 9 (RLIN) | 3865 |
| 245 10 - TITLE STATEMENT | |
| Title | Modern systems analysis and design / |
| Statement of responsibility, etc | Jeffrey A. Hoffer, Joey F. George, Joseph S. Valacich. |
| 250 ## - EDITION STATEMENT | |
| Edition statement | 6th ed., |
| Remainder of edition statement | International ed. |
| 260 ## - PUBLICATION, DISTRIBUTION, ETC. (IMPRINT) | |
| Place of publication, distribution, etc | Boston, United States : |
| Name of publisher, distributor, etc | Pearson Prentice Hall, |
| Date of publication, distribution, etc | c.2011. |
| 300 ## - PHYSICAL DESCRIPTION | |
| Extent | 575 p. : |
| Other physical details | ill. (col.) ; |
| Dimensions | 28 cm. |
| 500 ## - GENERAL NOTE | |
| General note | Glossary : p. 555-565. |
| 500 ## - GENERAL NOTE | |
| General note | Index : p. 566-575. |
| 504 ## - BIBLIOGRAPHY, ETC. NOTE | |
| Bibliography, etc | Bibliography : p. 552. |
| 650 #0 - SUBJECT ADDED ENTRY--TOPICAL TERM | |
| Topical term or geographic name as entry element | System analysis. |
| 9 (RLIN) | 734 |
| Source of heading or term | BUEsh |
| 650 #0 - SUBJECT ADDED ENTRY--TOPICAL TERM | |
| Topical term or geographic name as entry element | System design. |
| 9 (RLIN) | 733 |
| Source of heading or term | BUEsh |
| 651 ## - SUBJECT ADDED ENTRY--GEOGRAPHIC NAME | |
| Source of heading or term | BUEsh |
| 653 ## - INDEX TERM--UNCONTROLLED | |
| Arrived date list | December2013 |
| 700 1# - ADDED ENTRY--PERSONAL NAME | |
| Personal name | George, Joey F. |
| 9 (RLIN) | 3868 |
| 700 1# - ADDED ENTRY--PERSONAL NAME | |
| 9 (RLIN) | 3869 |
| Personal name | Valacich, Joseph S., |
| Dates associated with a name | 1959- |
| 942 ## - ADDED ENTRY ELEMENTS (KOHA) | |
| Source of classification or shelving scheme | Dewey Decimal Classification |
| Item type | Book - Borrowing |
| Call number prefix | 658.4038 HOF |
| Withdrawn status | Item status | Source of classification or shelving scheme | Damaged status | Not for loan | Vendor | Home library | Current library | Shelving location | Date acquired | Source of acquisition | Total Checkouts | Full call number | Barcode | Date last seen | Koha item type | Total Renewals | Date last borrowed |
|---|---|---|---|---|---|---|---|---|---|---|---|---|---|---|---|---|---|
| Dewey Decimal Classification | Baccah | Central Library | Central Library | First floor | 17/12/2013 | 658.4038 HOF | 000035210 | 15/07/2025 | NB - Book (Non borrowing) | ||||||||
| Dewey Decimal Classification | Baccah | Central Library | Central Library | First floor | 17/12/2013 | 4 | 658.4038 HOF | 000035211 | 15/07/2025 | Book - Borrowing | 3 | 24/09/2017 | |||||
| Dewey Decimal Classification | Baccah | Central Library | Central Library | First floor | 17/12/2013 | 1 | 658.4038 HOF | 000035212 | 15/07/2025 | Book - Borrowing | 23 | 04/10/2015 |